Kamus istilah kejuruteraan petroleum : Peringkat pengajian tinggi

Bibliographic Details
Main Author: Aziz Hussin
Corporate Author: Dewan Bahasa dan Pustaka
Other Authors: Ariffin Samsuri
Format: Book
Published: Kuala Lumpur : Dewan Bahasa dan Pustaka , 1988
Subjects:

MARC

LEADER 00000cam a2200000 7i4500
001 0000006477
005 20050427.0
040 |a INS 
090 0 0 |a KK620.3900   |b 4101 1988 
100 0 |a Aziz Hussin 
245 1 0 |a Kamus istilah kejuruteraan petroleum :   |b Peringkat pengajian tinggi   |c Aziz Hussin, Ariffin Samsuri, Ahmad Kamal Haji Idris 
260 |a Kuala Lumpur :   |b Dewan Bahasa dan Pustaka ,   |c 1988 
300 |a 396ms. ;   |c 22 cm. 
650 0 0 |a Petroleum engineering   |x Dictionaries   |x Malay 
650 0 0 |a Petroleum industry and trade   |x Terminology 
650 0 0 |a Petroleum   |x Dictionaries   |x Malay 
700 0 |a Ariffin Samsuri 
710 2 |a Dewan Bahasa dan Pustaka 
999 |a 0000003404   |b BOOK   |c Reference   |e Default branch